00585nam a2200145Ia 4500008004100000024005600041082001700097100007300114245004200187260002600229600002700255650003300282856010700315999001700422260210s9999 xx 000 0 und d a17B-002-EE, 17B-034-EE, 18B-048-EE & 18B-112-EE a621.3072 ZAH aMuzammil Zahra, Zainab Adnan, Fazila Nasim & Syed Haseeb Hussain 0aLoad management system (smart switch) aKarachi:bUITU,c2018 aElectronic Engineering aBachelor of Engineering (BE) uhttps://drive.google.com/file/d/1f7RhinTKmHlsepCRMNvv9Ipx1--699wm/view?usp=sharingyClick here for PDF c33299d33299